Miasta Polskie na Literę I - Statystyki

Ogólne statystyki
  • Ten quiz został rozwiązany 77 razy
  • Średni wynik to 4 z 11
Statystyki odpowiedzi
Województwo Miasto % Poprawnych
Warmińsko-Mazurskie Iława
89%
Kujawsko-Pomorskie Inowrocław
88%
Śląskie Imielin
47%
Mazowieckie Iłża
40%
Podkarpackie Iwonicz-Zdrój
35%
Lubuskie Iłowa
33%
Lubelskie Izbica
28%
Łódzkie Inowłódz
23%
Kujawsko-Pomorskie Izbica Kujawska
21%
Zachodniopomorskie Ińsko
19%
Świętokrzyskie Iwaniska
11%
Nie znaleziono quizów pasujących do podanych kryteriów
Rozkład punktacji
Procent ludzi z każdym wynikiem
Percentyl według liczby udzielonych odpowiedzi
Twoja historia wyników
Nie rozwiązałeś tego quizu